00200nam a2200097Ia 4500008004100000041000800041100001400049245002200063260000900085300000800094240521s1999 xx 000 0 und d aeng aAUSTEN J. aNORTHANGER ABBEY. c1999 a257